[Event "First Saturday FM A 11/2012"]
[Site "Budapest"]
[Date "2012.11.03"]
[Round "1.1"]
[White "Farkas, Richard"]
[Black "Egri, Laszlo Jr"]
[Result "1/2-1/2"]
[WhiteElo "2107"]
[BlackElo "2134"]
[PlyCount "46"]
[EventDate "2012.11.03"]

1. d4 d5 2. c4 c6 3. Nc3 Nf6 4. Bg5 e6 5. e3 Nbd7 6. cxd5 exd5 7. Bd3 Be7 8.
Nf3 O-O 9. O-O Re8 10. Qc2 Ne4 11. Bxe7 Qxe7 12. Nd2 Ndf6 13. Rae1 Bf5 14. f3
Nxd2 15. Qxd2 Bxd3 16. Qxd3 Qb4 17. Qc2 Rad8 18. a3 Qd6 19. Na4 Re7 20. Nc5 b6
21. Nd3 Nd7 22. b4 Rde8 23. Qf2 c5 1/2-1/2

[Event "First Saturday FM A 11/2012"]
[Site "Budapest"]
[Date "2012.11.03"]
[Round "1.2"]
[White "Juracsik, Jozsef"]
[Black "Schenkerik, Csaba"]
[Result "0-1"]
[WhiteElo "2157"]
[BlackElo "2074"]
[PlyCount "68"]
[EventDate "2012.11.03"]

1. e4 e5 2. Nf3 Nc6 3. Bb5 a6 4. Ba4 Nf6 5. O-O Be7 6. d3 b5 7. Bb3 d6 8. a4
Na5 9. Ba2 c5 10. axb5 axb5 11. Nc3 Rb8 12. Bg5 O-O 13. Bxf6 Bxf6 14. Nd5 Nc6
15. c3 g6 16. Ne1 Bg7 17. Nc2 Kh8 18. Nce3 f5 19. exf5 gxf5 20. f4 Be6 21. Qh5
Qd7 22. Rf3 Qf7 23. Qxf7 Rxf7 24. Nb4 Bxa2 25. Nxc6 Ra8 26. fxe5 Rc7 27. Nd8
Rxd8 28. Rxa2 dxe5 29. Nxf5 b4 30. cxb4 cxb4 31. Ra4 Bf8 32. g4 Rc2 33. g5 e4
34. dxe4 Rd1+ 0-1

[Event "First Saturday FM A 11/2012"]
[Site "Budapest"]
[Date "2012.11.05"]
[Round "2.1"]
[White "Egri, Laszlo Jr"]
[Black "Szalanczy, Emil"]
[Result "0-1"]
[WhiteElo "2134"]
[BlackElo "2237"]
[PlyCount "78"]
[EventDate "2012.11.03"]

1. e4 c5 2. Nf3 d6 3. d4 cxd4 4. Nxd4 Nf6 5. Nc3 g6 6. Be3 Bg7 7. f3 Nc6 8. Qd2
O-O 9. O-O-O a5 10. g4 a4 11. a3 Bd7 12. Kb1 Rc8 13. h4 Ne5 14. h5 Rc5 15. hxg6
fxg6 16. Bh6 Bxh6 17. Qxh6 Rxc3 18. bxc3 Qb6+ 19. Kc1 Rc8 20. g5 Nf7 21. Qh2
Nh5 22. Qd2 Qc5 23. Kb2 Ng3 24. Bd3 Nxh1 25. Rxh1 Qxg5 26. f4 Qc5 27. f5 Qe5
28. Rg1 Qf6 29. Nf3 Be8 30. e5 Nxe5 31. Nxe5 dxe5 32. Qg2 e4 33. Bxe4 Rxc3 34.
Kc1 Rxa3 35. fxg6 Bxg6 36. Bxb7 Qa1+ 37. Kd2 Qc3+ 38. Kd1 Qd4+ 39. Ke2 Qe3+ 0-1

[Event "First Saturday FM A 11/2012"]
[Site "Budapest"]
[Date "2012.11.05"]
[Round "2.2"]
[White "Schenkerik, Csaba"]
[Black "Atnilov, Boris"]
[Result "1-0"]
[WhiteElo "2074"]
[BlackElo "2118"]
[PlyCount "69"]
[EventDate "2012.11.03"]

1. e4 e6 2. d4 d5 3. Nc3 Bb4 4. Bd3 c5 5. exd5 Qxd5 6. Bd2 Bxc3 7. Bxc3 Qxg2 8.
Qf3 Qxf3 9. Nxf3 Nd7 10. Rg1 Kf8 11. dxc5 f6 12. b4 Ne7 13. O-O-O Nd5 14. Bd2
a5 15. a3 axb4 16. axb4 Nb8 17. c4 Nc7 18. Kb2 Nc6 19. b5 Ne7 20. Ra1 Rb8 21.
Bf4 e5 22. Nxe5 Ne6 23. Nd7+ Bxd7 24. Bxb8 Nxc5 25. Bc2 Kf7 26. Bd6 Ne6 27. Ra7
Bc8 28. Kc3 Rd8 29. Rd1 Ng6 30. c5 Kg8 31. Bb3 Kh8 32. Bxe6 Bxe6 33. Rxb7 h5
34. Rb8 Bc8 35. b6 1-0

[Event "First Saturday FM A 11/2012"]
[Site "Budapest"]
[Date "2012.11.05"]
[Round "2.3"]
[White "Farkas, Richard"]
[Black "Juracsik, Jozsef"]
[Result "1/2-1/2"]
[WhiteElo "2107"]
[BlackElo "2157"]
[PlyCount "149"]
[EventDate "2012.11.03"]

1. e4 c5 2. Nf3 d6 3. d4 cxd4 4. Qxd4 a6 5. Be2 Nc6 6. Qd3 Nf6 7. Nc3 e6 8. Bf4
Be7 9. a3 Qc7 10. Rd1 Ne5 11. Nxe5 dxe5 12. Be3 b5 13. O-O Bb7 14. Bg5 O-O 15.
Bxf6 Bxf6 16. Qd7 Rac8 17. Qxc7 Rxc7 18. Bd3 Be7 19. Ne2 f5 20. f3 g6 21. Ng3
h5 22. Kh1 h4 23. Ne2 Bg5 24. Nc3 Be3 25. Nb1 fxe4 26. fxe4 Rf4 27. Rfe1 Bf2
28. Re2 Bd4 29. b3 Rcf7 30. Nd2 Rf2 31. Rxf2 Rxf2 32. Nf3 h3 33. Nxd4 exd4 34.
gxh3 Kg7 35. Kg1 Rf3 36. Be2 Re3 37. Rxd4 Rxe2 38. Rd7+ Kf6 39. Rxb7 Rxc2 40.
Rb6 Rc3 41. Rxa6 Rxb3 42. Kg2 g5 43. Ra5 Ke5 44. a4 Kf4 45. Rxb5 Ra3 46. Rb4
Ra2+ 47. Kg1 e5 48. Rc4 Kf3 49. Rc3+ Kxe4 50. Rg3 Kf4 51. Rg2 Ra1+ 52. Kf2 e4
53. Rg4+ Kf5 54. Rg1 Rxa4 55. Rf1 Ra3 56. Kg2+ Ke5 57. Rb1 Rf3 58. Rb5+ Kf4 59.
Rb1 Ra3 60. Rb2 Rc3 61. Ra2 Ke3 62. Kg3 Kd3 63. Kg4 e3 64. Kxg5 e2 65. Ra1 Kd2
66. h4 Rc1 67. Ra2+ Rc2 68. Ra1 Ke3 69. h5 Rd2 70. Re1 Rd1 71. Rxe2+ Kxe2 72.
h6 Kf3 73. h7 Rd8 74. Kg6 Kg4 75. Kg7 1/2-1/2

[Event "First Saturday FM A 11/2012"]
[Site "Budapest"]
[Date "2012.11.06"]
[Round "3.1"]
[White "Juracsik, Jozsef"]
[Black "Egri, Laszlo Jr"]
[Result "1/2-1/2"]
[WhiteElo "2157"]
[BlackElo "2134"]
[PlyCount "55"]
[EventDate "2012.11.03"]

1. e4 c5 2. Nf3 e6 3. d4 cxd4 4. Nxd4 a6 5. Be2 Nf6 6. Bf3 Qc7 7. O-O d6 8. b3
Be7 9. c4 Nbd7 10. g3 Rb8 11. Qe2 b6 12. Bb2 Bb7 13. Nc3 O-O 14. Bg2 Rfe8 15.
Rac1 Bf8 16. h3 g6 17. Qd2 Rbc8 18. Rfe1 Qb8 19. g4 h6 20. Nde2 Qa8 21. Ng3 Bc6
22. a4 Red8 23. Rb1 Qb8 24. Ba1 Bg7 25. Qe2 Nc5 26. h4 e5 27. g5 hxg5 28. hxg5
1/2-1/2

[Event "First Saturday FM A 11/2012"]
[Site "Budapest"]
[Date "2012.11.06"]
[Round "3.2"]
[White "Atnilov, Boris"]
[Black "Farkas, Richard"]
[Result "0-1"]
[WhiteElo "2118"]
[BlackElo "2107"]
[PlyCount "58"]
[EventDate "2012.11.03"]

1. e4 e6 2. d4 d5 3. Nc3 Bb4 4. a3 Bxc3+ 5. bxc3 dxe4 6. Qg4 Nf6 7. Qxg7 Rg8 8.
Qh6 c5 9. dxc5 Nbd7 10. Ne2 Nxc5 11. g3 e5 12. Bg2 Bg4 13. Qe3 Qe7 14. c4 O-O-O
15. O-O Kb8 16. Nc3 Rd4 17. Nd5 Nxd5 18. cxd5 Rxd5 19. Bxe4 Nxe4 20. Qxe4 Qe6
21. Qxh7 Rgd8 22. Be3 e4 23. Rfe1 Bf3 24. Qh4 Rg8 25. Rab1 Ka8 26. Qh7 Re8 27.
Qh6 Qd7 28. Rb6 Rh5 29. Qd6 Qh3 0-1

[Event "First Saturday FM A 11/2012"]
[Site "Budapest"]
[Date "2012.11.06"]
[Round "3.3"]
[White "Szalanczy, Emil"]
[Black "Schenkerik, Csaba"]
[Result "1/2-1/2"]
[WhiteElo "2237"]
[BlackElo "2074"]
[PlyCount "132"]
[EventDate "2012.11.03"]

1. e4 c6 2. c4 d5 3. exd5 cxd5 4. d4 Nf6 5. Nc3 Nc6 6. Bg5 Be6 7. a3 Qd7 8. b4
a6 9. c5 Ne4 10. Nxe4 dxe4 11. Be3 g6 12. b5 axb5 13. Bxb5 Bg7 14. Ne2 O-O 15.
O-O Rfd8 16. h3 Qc8 17. a4 Ne5 18. Nf4 Nc6 19. Bxc6 Qxc6 20. Nxe6 Qxe6 21. Qb1
Qc6 22. Qb4 e5 23. Rfd1 exd4 24. Bxd4 Bxd4 25. Rxd4 Rxd4 26. Qxd4 Rc8 27. Rb1
Qxc5 28. Qxc5 Rxc5 29. Rxb7 Rc1+ 30. Kh2 Rc2 31. Kg3 Rc3+ 32. Kf4 e3 33. Kf3
exf2+ 34. Kxf2 Ra3 35. Ra7 h5 36. h4 Kg7 37. g3 Ra2+ 38. Kf3 Ra3+ 39. Kf4 Kf6
40. Ra6+ Kg7 41. Ra8 Ra1 42. Ra6 Rf1+ 43. Ke3 Rg1 44. Kf3 Rf1+ 45. Ke2 Rg1 46.
Kf2 Ra1 47. a5 Ra2+ 48. Kf3 Ra3+ 49. Kf4 Ra4+ 50. Kf3 Ra3+ 51. Kg2 Ra2+ 52. Kh3
f6 53. Ra8 g5 54. hxg5 fxg5 55. a6 Kf6 56. g4 h4 57. Rf8+ Kg7 58. Ra8 Ra3+ 59.
Kh2 Ra2+ 60. Kh3 Ra3+ 61. Kh2 Ra2+ 62. Kh3 Ra3+ 63. Kh2 Ra2+ 64. Kh3 Ra3+ 65.
Kh2 Ra2+ 66. Kh3 Ra3+ 1/2-1/2

[Event "First Saturday FM A 11/2012"]
[Site "Budapest"]
[Date "2012.11.07"]
[Round "4.1"]
[White "Egri, Laszlo Jr"]
[Black "Schenkerik, Csaba"]
[Result "0-1"]
[WhiteElo "2134"]
[BlackElo "2074"]
[PlyCount "74"]
[EventDate "2012.11.03"]

1. e4 c5 2. Nc3 e6 3. g3 d5 4. exd5 exd5 5. Bg2 Nf6 6. d4 cxd4 7. Nce2 Bb4+ 8.
Bd2 Qe7 9. Nf3 Ne4 10. O-O Nc6 11. a3 Bc5 12. b4 Bb6 13. b5 Ne5 14. Nfxd4 O-O
15. Nb3 Bg4 16. Bb4 Qf6 17. Bxf8 Nc3 18. Bxg7 Kxg7 19. Qd2 Bxe2 20. Qxc3 Nf3+
21. Bxf3 Qxc3 22. Bxe2 Qxc2 23. Bd1 Qb2 24. a4 Rc8 25. Kh1 Rc3 26. Kg2 Rxb3 27.
Bxb3 Qxb3 28. a5 Bd4 29. Rab1 Bb2 30. Rfd1 Qc2 31. Re1 d4 32. Red1 d3 33. Kf3
d2 34. Ke2 Bc1 35. Rb4 Qc5 36. Rb1 Qc4+ 37. Ke3 Qc2 0-1

[Event "First Saturday FM A 11/2012"]
[Site "Budapest"]
[Date "2012.11.07"]
[Round "4.2"]
[White "Farkas, Richard"]
[Black "Szalanczy, Emil"]
[Result "1/2-1/2"]
[WhiteElo "2107"]
[BlackElo "2237"]
[PlyCount "93"]
[EventDate "2012.11.03"]

1. e4 c5 2. Nf3 d6 3. d4 cxd4 4. Nxd4 Nf6 5. Nc3 g6 6. Be3 Bg7 7. f3 Nc6 8. Qd2
O-O 9. O-O-O a5 10. g4 Bd7 11. h4 Ne5 12. Kb1 a4 13. a3 Rc8 14. h5 Rc5 15. Be2
Qa5 16. hxg6 fxg6 17. g5 Nh5 18. Nf5 Rxc3 19. Qxc3 Qxc3 20. bxc3 Bxf5 21. exf5
Ng3 22. Rhe1 Rxf5 23. f4 Nxe2 24. Rxe2 Nc4 25. Bc1 e5 26. Re4 b5 27. Rd5 exf4
28. Rxf5 gxf5 29. Rxf4 Bxc3 30. Rxf5 Be5 31. c3 Kg7 32. Kc2 d5 33. Kd3 Kg6 34.
Rf8 Bd6 35. Rf6+ Kg7 36. Rxd6 Nxd6 37. Kd4 Ne4 38. c4 bxc4 39. Kxd5 Nxg5 40.
Bxg5 c3 41. Kc4 Kg6 42. Be3 c2 43. Kc3 Kf5 44. Kxc2 Ke4 45. Bg1 Kd5 46. Kc3 Kc6
47. Kb4 1/2-1/2

[Event "First Saturday FM A 11/2012"]
[Site "Budapest"]
[Date "2012.11.07"]
[Round "4.3"]
[White "Juracsik, Jozsef"]
[Black "Atnilov, Boris"]
[Result "1-0"]
[WhiteElo "2157"]
[BlackElo "2118"]
[PlyCount "50"]
[EventDate "2012.11.03"]

1. e4 e6 2. d4 d5 3. Nc3 Bb4 4. e5 c5 5. Bd2 a6 6. dxc5 Bxc5 7. Qg4 Kf8 8.
O-O-O Nc6 9. f4 Nh6 10. Qh3 b5 11. Bd3 Bd7 12. Nf3 Nb4 13. Kb1 Nxd3 14. cxd3 b4
15. Ne2 Bb5 16. Ng5 a5 17. g4 Nxg4 18. Qxg4 Bxd3+ 19. Ka1 b3 20. Be3 Bxe3 21.
Rxd3 Bc5 22. Rxb3 a4 23. Rb7 Be7 24. Nd4 Bxg5 25. fxg5 Qc8 1-0

[Event "First Saturday FM A 11/2012"]
[Site "Budapest"]
[Date "2012.11.08"]
[Round "5.1"]
[White "Atnilov, Boris"]
[Black "Egri, Laszlo Jr"]
[Result "0-1"]
[WhiteElo "2118"]
[BlackElo "2134"]
[PlyCount "110"]
[EventDate "2012.11.03"]

1. e4 c5 2. Nf3 e6 3. c3 d5 4. e5 Nc6 5. d4 Qb6 6. Qb3 Qxb3 7. axb3 cxd4 8.
cxd4 f6 9. Bb5 Nge7 10. Nc3 Bd7 11. Bd3 Nb4 12. Bb1 Nec6 13. O-O fxe5 14. dxe5
Bc5 15. Rd1 b6 16. Be3 Rc8 17. Bxc5 bxc5 18. Nb5 Rb8 19. Nd6+ Ke7 20. Rc1 Rhf8
21. Rxc5 Rxf3 22. gxf3 Nxe5 23. Nc4 Nxf3+ 24. Kg2 Nd4 25. Nd2 Kd6 26. Rc1 a6
27. Bxh7 Rh8 28. Bb1 e5 29. Rc3 Ne2 30. Re3 Nf4+ 31. Kh1 Rc8 32. Rg3 e4 33. Rg1
g6 34. Bxe4 dxe4 35. Nxe4+ Ke5 36. f3 Bb5 37. Rae1 Nbd3 38. Re3 Kd4 39. Rxd3+
Bxd3 40. Nc3 Rb8 41. Ra1 Rxb3 42. Ra4+ Ke3 43. Ra3 Rb8 44. Na4 Rc8 45. Nc3 Kxf3
46. Kg1 Re8 47. h4 Kg3 48. Ra1 Nh3+ 49. Kh1 Re2 50. Nxe2+ Bxe2 51. Ra3+ Bf3+
52. Rxf3+ Kxf3 53. Kh2 Nf4 54. b4 Kg4 55. h5 Kxh5 0-1

[Event "First Saturday FM A 11/2012"]
[Site "Budapest"]
[Date "2012.11.08"]
[Round "5.2"]
[White "Szalanczy, Emil"]
[Black "Juracsik, Jozsef"]
[Result "1-0"]
[WhiteElo "2237"]
[BlackElo "2157"]
[PlyCount "87"]
[EventDate "2012.11.03"]

1. e4 e5 2. Nf3 Nc6 3. Bb5 a6 4. Ba4 Nf6 5. O-O Be7 6. Re1 b5 7. Bb3 O-O 8. c3
Bb7 9. d3 d6 10. Nbd2 Na5 11. Bc2 c5 12. Nf1 Re8 13. Ng3 g6 14. Bg5 Nd7 15. Be3
c4 16. d4 Bf8 17. Qd2 Qc7 18. Rad1 Nb6 19. h3 Rad8 20. Bg5 Be7 21. Bh6 f6 22.
Qc1 Bf8 23. Nh2 Bc8 24. Be3 Bg7 25. Rf1 exd4 26. Bxd4 Nc6 27. Be3 d5 28. Bxb6
Qxb6 29. Rxd5 Rxd5 30. exd5 Ne5 31. Rd1 f5 32. Ngf1 Bf8 33. b4 Bd7 34. Qd2 Bd6
35. a3 Qc7 36. Re1 Ra8 37. Qe2 a5 38. Nf3 Nxf3+ 39. Qxf3 axb4 40. axb4 Ra3 41.
g4 fxg4 42. hxg4 Qd8 43. Ng3 Bxb4 44. Ne4 1-0

[Event "First Saturday FM A 11/2012"]
[Site "Budapest"]
[Date "2012.11.08"]
[Round "5.3"]
[White "Schenkerik, Csaba"]
[Black "Farkas, Richard"]
[Result "1/2-1/2"]
[WhiteElo "2074"]
[BlackElo "2107"]
[PlyCount "62"]
[EventDate "2012.11.03"]

1. c4 Nf6 2. d4 c5 3. dxc5 Na6 4. Nf3 Nxc5 5. e3 d6 6. Nc3 g6 7. b4 Ncd7 8. Bb2
Bg7 9. Be2 O-O 10. O-O Ne4 11. Qc2 Nxc3 12. Bxc3 Nf6 13. Qb2 Qc7 14. Rac1 Bd7
15. Rfd1 b6 16. Ng5 Bc6 17. Nh3 a5 18. b5 Bb7 19. Nf4 e5 20. Nd5 Nxd5 21. cxd5
Qd7 22. e4 f5 23. Bd2 f4 24. f3 Bf6 25. Be1 Rfc8 26. Bf2 Bd8 27. a4 Rxc1 28.
Rxc1 Rc8 29. Rc3 Rxc3 30. Qxc3 Qc8 31. Qxc8 Bxc8 1/2-1/2

[Event "First Saturday FM A 11/2012"]
[Site "Budapest"]
[Date "2012.11.09"]
[Round "6.1"]
[White "Egri, Laszlo Jr"]
[Black "Farkas, Richard"]
[Result "1/2-1/2"]
[WhiteElo "2134"]
[BlackElo "2107"]
[PlyCount "48"]
[EventDate "2012.11.03"]

1. Nf3 f5 2. b3 Nf6 3. Bb2 e6 4. e3 b6 5. Be2 Bb7 6. O-O d6 7. c4 Nbd7 8. d3
Be7 9. Nbd2 O-O 10. Qc2 e5 11. Rac1 Nc5 12. Rfd1 Ne6 13. h3 Qd7 14. b4 a5 15.
a3 axb4 16. axb4 Qa4 17. Qxa4 Rxa4 18. b5 Rfa8 19. Ra1 Ra2 20. Bc3 Nc5 21. Ne1
Kf7 22. Rxa2 Rxa2 23. Ra1 Rxa1 24. Bxa1 Ke6 1/2-1/2

Qd5 26. Nf3 Qxh5 27. Qxh5 gxh5
28. b3 Kf7 29. Nd4 Ke7 30. Re5 Rfd8 31. Nf5+ Kf6 32. Rexc5 Rxc5 33. Rxc5 exf5
34. Rc6+ Kg5 35. Rxa6 Rc8 36. Rb6 Rxc2 37. Rxb5 Rxa2 38. Rb8 Rb2 39. Kh2 h4 40.
Kh3 Kh5 41. Rb4 Kg5 42. Rb7 h6 43. Rb6 Kh5 44. Rb4 Kg5 45. Kh2 Kh5 46. Rb8 Kg5
47. Kh3 Kh5 48. Rb5 Kg5 49. Rb4 Rb1 50. Kh2 Rb2 51. Rb8 1/2-1/2

[Event "First Saturday FM A 11/2012"]
[Site "Budapest"]
[Date "2012.11.09"]
[Round "6.2"]
[White "Schenkerik, Csaba"]
[Black "Juracsik, Jozsef"]
[Result "1/2-1/2"]
[WhiteElo "2074"]
[BlackElo "2157"]
[PlyCount "101"]
[EventDate "2012.11.03"]

1. c3 d5 2. d4 Nf6 3. Bf4 Bf5 4. e3 c6 5. Nf3 e6 6. Bd3 Nbd7 7. h3 Bxd3 8. Qxd3
Qb6 9. Qc2 c5 10. O-O Be7 11. Nbd2 O-O 12. Rfe1 Rfc8 13. Qb3 h6 14. Qxb6 axb6
15. a3 c4 16. Ne5 Nxe5 17. Bxe5 Nd7 18. Bh2 f5 19. Be5 Ra5 20. f4 Rb5 21. Ra2
Ra8 22. Re2 Kf7 23. g4 g6 24. Nf3 Rba5 25. Ra1 Rg8 26. Kh1 Raa8 27. Rg1 b5 28.
Reg2 Rac8 29. Kh2 b4 30. axb4 Ra8 31. Bc7 Bf6 32. Be5 Be7 33. Bc7 Rac8 34. Ne5+
Nxe5 35. Bxe5 Ra8 36. Kg3 h5 37. gxh5 gxh5+ 38. Kf3 Rxg2 39. Rxg2 Rg8 40. Rxg8
Kxg8 41. b5 Bh4 42. Bd6 Kf7 43. Bb4 Ke8 44. Ba3 Kd7 45. Bf8 Kc7 46. Bc5 Kd7 47.
Bb4 Kc7 48. Ba5+ Kd7 49. Bb4 Kc7 50. Bc5 Kd7 51. Bb4 1/2-1/2

[Event "First Saturday FM A 11/2012"]
[Site "Budapest"]
[Date "2012.11.09"]
[Round "6.3"]
[White "Szalanczy, Emil"]
[Black "Atnilov, Boris"]
[Result "1-0"]
[WhiteElo "2237"]
[BlackElo "2118"]
[PlyCount "81"]
[EventDate "2012.11.03"]

1. e4 e6 2. d4 d5 3. Nc3 Bb4 4. e5 c5 5. a3 Bxc3+ 6. bxc3 Ne7 7. Qg4 cxd4 8.
cxd4 Nbc6 9. Bd3 Qb6 10. Nf3 g6 11. O-O Nf5 12. c3 Bd7 13. Bg5 Nce7 14. Qf4 h6
15. Bf6 g5 16. Qd2 Rg8 17. g4 Nh4 18. Nxh4 gxh4 19. Kh1 Rxg4 20. Rg1 Rxg1+ 21.
Rxg1 Bb5 22. Rb1 Bxd3 23. Rxb6 Be4+ 24. Kg1 axb6 25. Qb2 Ra6 26. Qb4 Nf5 27.
Qb5+ Kf8 28. Qd7 Ra8 29. Qxb7 Re8 30. Qxb6 Kg8 31. Qb7 Bc2 32. Kg2 Rf8 33. Kf3
Bd1+ 34. Kf4 Kh7 35. f3 Bc2 36. Qc6 Ng7 37. a4 Nh5+ 38. Ke3 Rg8 39. a5 Bd1 40.
Qb7 Kg6 41. Qb1+ 1-0

[Event "First Saturday FM A 11/2012"]
[Site "Budapest"]
[Date "2012.11.10"]
[Round "7.1"]
[White "Szalanczy, Emil"]
[Black "Egri, Laszlo Jr"]
[Result "1/2-1/2"]
[WhiteElo "2237"]
[BlackElo "2134"]
[PlyCount "131"]
[EventDate "2012.11.03"]

1. e4 c5 2. Nf3 e6 3. d4 cxd4 4. Nxd4 a6 5. Nc3 Qc7 6. f4 b5 7. Bd3 Bb7 8. Qe2
Bc5 9. Nb3 Be7 10. Bd2 d6 11. O-O Nf6 12. Rae1 Nbd7 13. e5 Nd5 14. Be4 Nxc3 15.
Bxc3 dxe5 16. fxe5 Bxe4 17. Qxe4 Rc8 18. Rf3 Nc5 19. Qg4 O-O 20. Rg3 g6 21. Nd2
Qc6 22. h4 f5 23. exf6 Bxf6 24. h5 Bxc3 25. Rxc3 Qd5 26. Nf3 Qxh5 27. Qxh5 gxh5
28. b3 Kf7 29. Nd4 Ke7 30. Re5 Rfd8 31. Nf5+ Kf6 32. Rexc5 Rxc5 33. Rxc5 exf5
34. Rc6+ Kg5 35. Rxa6 Rc8 36. Rb6 Rxc2 37. Rxb5 Rxa2 38. Rb8 Rb2 39. Kh2 h4 40.
Kh3 Kh5 41. Rb4 Kg5 42. Rb7 h6 43. Rb6 Kh5 44. Rb4 Kg5 45. Kh2 Kh5 46. Rb8 Kg5
47. Kh3 Kh5 48. Rb5 Kg5 49. Rb4 Rb1 50. Kh2 Rb2 51. Rb8 Kh5 52. b4 Rb1 53. b5
Kg5 54. b6 Kg6 55. Rb7 Kg5 56. Rg7+ Kf6 57. Rh7 Kg6 58. Rb7 Kg5 59. Rb8 Kg6 60.
g3 hxg3+ 61. Kxg3 Kh5 62. b7 Rb3+ 63. Kf4 Rb5 64. Kg3 Rb3+ 65. Kf4 Rb5 66. Kg3
1/2-1/2

[Event "First Saturday FM A 11/2012"]
[Site "Budapest"]
[Date "2012.11.10"]
[Round "7.3"]
[White "Juracsik, Jozsef"]
[Black "Farkas, Richard"]
[Result "1/2-1/2"]
[WhiteElo "2157"]
[BlackElo "2107"]
[PlyCount "102"]
[EventDate "2012.11.03"]

1. e4 c5 2. Nf3 Nc6 3. Bb5 d6 4. O-O e6 5. Re1 Nge7 6. c3 a6 7. Bf1 Bd7 8. d4
cxd4 9. cxd4 d5 10. Nc3 dxe4 11. Nxe4 Nd5 12. a3 Be7 13. Nc5 Qc8 14. b4 O-O 15.
Bb2 b6 16. Nd3 Qb7 17. g3 Rad8 18. Bg2 Be8 19. Qb3 Bf6 20. Nde5 Nxe5 21. dxe5
Be7 22. Nd4 b5 23. Rac1 g6 24. f4 Qb6 25. Kh1 a5 26. bxa5 Qxa5 27. f5 Bg5 28.
Rcd1 gxf5 29. Nxf5 exf5 30. Bxd5 Qa6 31. Bg2 Bc6 32. Qc2 Bxg2+ 33. Qxg2 Qe6 34.
Qf3 Bd2 35. Rf1 Bh6 36. Rd3 Qc4 37. Rfd1 Rxd3 38. Rxd3 Qe4 39. Kg2 Rc8 40. Bc3
Bf8 41. Bb4 Bxb4 42. axb4 Rc4 43. Re3 Qxf3+ 44. Rxf3 Rxb4 45. Rxf5 Rb2+ 46. Kh3
Rc2 47. e6 fxe6 48. Rxb5 Kg7 49. Rb7+ Kg6 50. Re7 Re2 51. g4 h5 1/2-1/2

[Event "First Saturday FM A 11/2012"]
[Site "Budapest"]
[Date "2012.11.11"]
[Round "8.1"]
[White "Egri, Laszlo Jr"]
[Black "Juracsik, Jozsef"]
[Result "1/2-1/2"]
[WhiteElo "2134"]
[BlackElo "2157"]
[PlyCount "44"]
[EventDate "2012.11.03"]

1. Nf3 c5 2. g3 b6 3. Bg2 Bb7 4. O-O Nf6 5. d3 g6 6. c4 Bg7 7. Nc3 O-O 8. Rb1
d6 9. a3 Nc6 10. Bd2 e5 11. b4 Nd4 12. Nxd4 Bxg2 13. Ne6 fxe6 14. Kxg2 cxb4 15.
axb4 h6 16. Qb3 Kh7 17. e4 Qd7 18. Rb2 Rf7 19. Nb5 d5 20. f3 Raf8 21. Be3 a6
22. Na3 Qb7 1/2-1/2

[Event "First Saturday FM A 11/2012"]
[Site "Budapest"]
[Date "2012.11.11"]
[Round "8.2"]
[White "Farkas, Richard"]
[Black "Atnilov, Boris"]
[Result "1-0"]
[WhiteElo "2107"]
[BlackElo "2118"]
[PlyCount "73"]
[EventDate "2012.11.03"]

1. e4 e6 2. d4 d5 3. exd5 exd5 4. Nf3 Nf6 5. c4 Bb4+ 6. Nc3 O-O 7. Be2 Ne4 8.
Qb3 Qe7 9. cxd5 c6 10. dxc6 Nxc6 11. a3 Ba5 12. Be3 Be6 13. Qc2 Bf5 14. Bd3
Rac8 15. O-O Bxc3 16. bxc3 Na5 17. c4 Nxc4 18. Bxc4 Nd6 19. Bxf7+ Rxf7 20. Qb3
Kh8 21. Ne5 Rff8 22. Rac1 Rcd8 23. f3 Be6 24. Qb4 Qh4 25. Bf2 Qg5 26. Rc5 Qf4
27. Re1 Qf6 28. Rc7 Kg8 29. d5 Bc8 30. Nc4 Nf5 31. d6 Nd4 32. Qd2 Nb3 33. Qd5+
Kh8 34. d7 b5 35. Ne5 Na5 36. Nf7+ Qxf7 37. Qxf7 1-0

[Event "First Saturday FM A 11/2012"]
[Site "Budapest"]
[Date "2012.11.11"]
[Round "8.3"]
[White "Schenkerik, Csaba"]
[Black "Szalanczy, Emil"]
[Result "0-1"]
[WhiteElo "2074"]
[BlackElo "2237"]
[PlyCount "64"]
[EventDate "2012.11.03"]

1. b3 c5 2. Bb2 Nc6 3. f4 d6 4. Nf3 Nf6 5. e3 a6 6. Be2 g6 7. O-O Bg7 8. Qe1
Nb4 9. Bd1 Bg4 10. d3 b5 11. Nbd2 Rc8 12. a3 Nbd5 13. c4 Nb6 14. Qh4 Bd7 15. h3
Bc6 16. g4 h6 17. Rc1 a5 18. cxb5 Bxb5 19. Nc4 a4 20. bxa4 Nxa4 21. Ba1 Nb6 22.
Qe1 Nxc4 23. dxc4 Bc6 24. Bc2 Ra8 25. g5 hxg5 26. fxg5 Nh5 27. Bxg7 Nxg7 28.
Qc3 e5 29. Kh2 Ne6 30. Bd1 Nxg5 31. Nxg5 Qxg5 32. Bf3 Ke7 0-1